Top 20 largest US States - Statistics

General Stats
  • This quiz has been taken 85 times
  • The average score is 18 of 20
Answer Stats
Hint Answer % Correct
A Alaska
100%
C California
100%
T Texas
100%
M Montana
99%
W Washington
96%
O Oregon
94%
A Arizona
91%
N Nevada
91%
C Colorado
90%
N New Mexico
90%
N Nebraska
88%
U Utah
88%
W Wyoming
87%
K Kansas
85%
N North Dakota
84%
O Oklahoma
84%
S South Dakota
82%
M Michigan
81%
I Idaho
78%
M Minnesota
78%
No matching quizzes found
Score Distribution
Percent of People with Each Score
Percentile by Number Answered
Your Score History
You have not taken this quiz